Pivo lepších časů

Titel: Pivo lepších časů : sborník příspěvků z konference konané ve dnech 20.-21. dubna 2006 ve Velkém Březně / Redakce: Martin Veselý, Kristina Kaiserová
Beteiligt: ;
Veröffentlicht: Ústí nad Labem : Univerzita J.E.Purkyně, Ústav slovansko-germánských studií, 2007
Umfang: 233 Seiten : Illustrationen
Format: Buch
Sprache: Tschechisch
Schlagworte:
ISBN: 9788070449301
Buchumschlag
X
alg: 39548326
001A    $01999:12-11-16 
001B    $01999:24-01-19 $t12:23:17.000 
001D    $03004:08-01-19 
001U    $0utf8 
001X    $00 
002@    $0Aau 
002C    $aText $btxt $2rdacontent 
002D    $aohne Hilfsmittel zu benutzen $bn $2rdamedia 
002E    $aBand $bnc $2rdacarrier 
003@    $0395483263 
003O    $0228778381 $aOCoLC 
004A    $A978-80-7044-930-1 
007A    $0BV023238500 $aBVB 
007G    $0DE02034C87D245DCF0DE1C125837D0042F8A4 
009P    $qapplication/pdf $A2 $3Inhaltsverzeichnis $uhttp://scans.hebis.de/HEBCGI/show.pl?39548326_toc.pdf $mV:DE-603;B:DE-Mb50 
010@    $acze 
011@    $a2007 $n2007 
013D    $RWissenschaftliche Literatur $RAufsatzsammlung $71071861417 $8Konferenzschrift [Ts1] $9359646190 
021A    $aPivo lepších časů $dsborník příspěvků z konference konané ve dnech 20.-21. dubna 2006 ve Velkém Březně $hRedakce: Martin Veselý, Kristina Kaiserová 
028C    $BHerausgeber $4edt $7132977036 $8Veselý, Martin$Z1975- [Tp1] $9187013195 
028C    $BHerausgeber $4edt $7138155550 $8Kaiserová, Kristina$Z1956- [Tp3] $9212195468 
033A    $pÚstí nad Labem $nUniverzita J.E.Purkyně, Ústav slovansko-germánských studií 
034D    $a233 Seiten 
034M    $aIllustrationen 
044K    $qBVB $RAlkoholisches Getränk $RBrauerei $#Beer $#Cooking (Beer) $#Bière $#Cuisine (bière) $#Birra $#Cerveza $#beers $#Bier $#Gerstensaft $74006537-6 $8Bier [Ts1] $908500961X 
044K    $qBVB $RBöhmische Länder $RČeská SR $RTschechoslowakei $#Tschechien $#Tschechische Republik $#Tschechische Republik $#Tschechenland $#Tschechei Tschechien $#Česká Republika $#Czech Republic $#ČR $74303381-7 $8Tschechien [Tg1] $9086659812 
045F    $a630.943710903 $eDDC23BSB 
045F/01 $a630 
045F/03 $f0903 
045F/03 $f09034 
045F/03 $f0904 
045F/03 $g4371 

lok: 39548326 24

exp: 39548326 24 1 #EPN
201B/01 $008-01-19 $t10:54:41.000 
201C/01 $016-01-09 
201U/01 $0utf8 
203@/01 $056597162X 
208@/01 $a08-01-19 $bz 
209A/01 $a18.03627 $du $f050 $h18 03627 $x00 
209C/01 $a18.03627 T $h18 03627 T 
209G/01 $a73941180 $x00 
220C/01 $akon 
247C/01 $8358050-7 Marburg, Bibliothek des Herder-Instituts Marburg $9102600961 

lok: 39548326 78

exp: 39548326 78 1 #EPN
201B/01 $026-11-17 $t04:42:27.000 
201U/01 $0utf8 
203@/01 $0792079108 
208@/01 $a12-11-16 $be 
209A/01 $a/ $f000 $x00 
220C/01 $aHerkunft: Hú Av Čr Praha 
244Z/01 $#Tschechien $#Tschechische Republik $#Tschechische Republik $#Tschechenland $#Tschechei Tschechien $#Česká Republika $#Czech Republic $#ČR $74303381-7 $8--Tg1--Tschechien $x01 $9086659812 
244Z/01 $2Trx $#Böhmen $#Bohemia $#Czechy $8--Trx--Čechy $x02 $9391188941 
244Z/01 $2Trx $#õlu $#alus $#beer $#sör $#piwo $#pivo $#pivo $8--Trx--Bier $x03 $939136071X 
244Z/01 $2Trx $#õllepruulimine $#aludarystė $#brewing $#sörgyár $#browarnictwo $#pivovarníctvo $#pivovarnictví $#Alkohol $#Bier $#alkohol $#piwo $#alkohol $#pivo $#alkohol $#pivo $8--Trx--Brauereiwesen $x04 $939137253X 
244Z/01 $apivovary $x05 
244Z/01 $2Trx $8--Trx--Monographie $x06 $9391384546 
245Z/01 $a01.03 $x01 
247C/01 $82080>Marburg/Lahn, Herder-Institut, Forschungsbibliothek, Bibliographieportal $9336309341
LEADER 00000cam a2200000 c 4500
001 395483263
003 DE-603
005 20190124122317.0
007 tu
008 161112s2007 xx |||| | u10||u|cze c
020 |a 9788070449301 
035 |a (DE-599)BVBBV023238500 
035 |a (OCoLC)228778381 
040 |a DE-603  |b ger  |c DE-603  |d DE-603 
041 |a cze 
082 0 4 |8 1\u  |a 630.943710903  |q DE-101  |2 23/BSB 
085 |8 1\u  |b 630 
085 |8 1\u  |z 1  |s 0903 
085 |8 1\u  |z 1  |s 09034 
085 |8 1\u  |z 1  |s 0904 
085 |8 1\u  |z 2  |s 4371 
245 0 0 |a Pivo lepších časů  |b sborník příspěvků z konference konané ve dnech 20.-21. dubna 2006 ve Velkém Březně  |c Redakce: Martin Veselý, Kristina Kaiserová 
264 1 |a Ústí nad Labem  |b Univerzita J.E.Purkyně, Ústav slovansko-germánských studií  |c 2007 
300 |a 233 Seiten  |b Illustrationen 
336 |a Text  |b txt  |2 rdacontent 
337 |a ohne Hilfsmittel zu benutzen  |b n  |2 rdamedia 
338 |a Band  |b nc  |2 rdacarrier 
650 7 |a Bier  |0 (DE-588)4006537-6  |0 (DE-603)08500961X  |2 gnd 
651 7 |a Tschechien  |0 (DE-588)4303381-7  |0 (DE-603)086659812  |2 gnd 
655 7 |a Konferenzschrift  |2 gnd-content  |0 (DE-588)1071861417  |0 (DE-603)359646190 
700 1 |a Veselý, Martin  |d 1975-  |e Herausgeber  |4 edt  |0 (DE-603)187013195  |0 (DE-588)132977036  |2 gnd 
700 1 |a Kaiserová, Kristina  |d 1956-  |e Herausgeber  |4 edt  |0 (DE-603)212195468  |0 (DE-588)138155550  |2 gnd 
856 4 2 |m V:DE-603;B:DE-Mb50  |q application/pdf  |u http://scans.hebis.de/HEBCGI/show.pl?39548326_toc.pdf  |3 Inhaltsverzeichnis 
924 0 |9 Mb 50  |a (DE-603)56597162X  |b DE-Mb50  |c HES  |d c  |g 18.03627 
924 0 |9 2080  |a (DE-603)792079108  |b DE-2080  |c HES  |d d  |g /